عشاق الحور وطلاب دار السرور : (رقم التسجيلة. 6368)

تفاصيل مارك
000 -الفاتح
عناصر البيانات ثابتة الطول 00666cam a2200193 i 4500
005 - تاريخ ووقت آخر معاملة
حقل ضبط 20251215090356.0
008 - عناصر البيانات ثابتة الطول
عناصر البيانات ثابتة الطول 250721s2002 jo gr 000 0 ara d
082 14 - رقم تصنيف ديوي العشري
رقم التصنيف 216.8
رقم المادة ع ل ي
100 1# - مدخل رئيسي – اسم شخصي
الاسم الشخصي العلي، إبراهيم محمد
علاقة الشخص بالعمل/ دوره مؤلف.
245 10 - بيان العنوان
العنوان عشاق الحور وطلاب دار السرور :
بقية العنوان من أعلام الإستشهاديين /
بيان المسؤولية تأليف ابراهيم العلى.
264 31 - بيانات النشر، التوزيع…إلخ
تاريخ النشر، التوزيع...إلخ 2002.
مكان النشر، التوزيع...إلخ عمان :
اسم الناشر، الموزع...إلخ [غير معرف]،
300 ## - الوصف المادي
عدد الوحدات المكونة للوعاء 418 صفحة.
650 17 - مدخل إضافي بالموضوع - مصطلح موضوعي
مصطلح موضوعي أو اسم جغرافي كعنصر مدخل الإسلام.
650 17 - مدخل إضافي بالموضوع - مصطلح موضوعي
مصطلح موضوعي أو اسم جغرافي كعنصر مدخل الجهاد.
650 17 - مدخل إضافي بالموضوع - مصطلح موضوعي
مصطلح موضوعي أو اسم جغرافي كعنصر مدخل الجنة.
650 17 - مدخل إضافي بالموضوع - مصطلح موضوعي
مصطلح موضوعي أو اسم جغرافي كعنصر مدخل الشهداء.
942 ## - بيانات إضافية (كوها)
نوع التنصيف Dewey Decimal Classification
نوع المادة (كوها) كتب
المقتنيات
حالة السحب حالة الفقدان مصدر التصنيف حالة التلف غير قابل للإعارة المكتبة الرئيسية المكتبة الحالية موقع الرف تاريخ التزويد الرقم المتسلسل Total Checkouts رقم الإستدعاء الباركود تاريخ آخر ظهور تاريخ الفاتورة نوع المادة (كوها) العملة
    Dewey Decimal Classification     المكتبة المركزية المكتبة المركزية مقتنيات قسم التزويد 06/07/2004 514965   216.8/علي 514965 28/07/2025 06/07/2004 كتب  
    Dewey Decimal Classification     المكتبة المركزية المكتبة المركزية الإعارة 06/07/2004 514964   216.8 / ع ل ي 514964 28/07/2025 06/07/2004 كتب  
    Dewey Decimal Classification     المكتبة المركزية المكتبة المركزية الإعارة 15/12/2025 33669   216.8/ ع ل ي 33669 15/12/2025 15/12/2025 كتب JOD
    Dewey Decimal Classification     مكتبة أبو علندا العامة مكتبة أبو علندا العامة الإعارة 22/11/2015 514978   216.8/علي PLD00366247 28/07/2025 22/11/2015 كتب  
    Dewey Decimal Classification     مكتبة أم قصير والمقابلين العامة مكتبة أم قصير والمقابلين العامة الإعارة 25/07/2014 514977 ]]]]]   216.8/علي PLD00337764 28/07/2025 25/07/2014 كتب  
    Dewey Decimal Classification     مكتبة الأميرة ايمان العامة مكتبة الأميرة ايمان العامة الإعارة 14/01/2014 1566109   216.8/علي PLD00292006 28/07/2025 14/01/2014 كتب  
    Dewey Decimal Classification     مكتبة الحسن العامة مكتبة الحسن العامة الإعارة 11/03/2019 514974..   216.8/علي PLD00446760 28/07/2025 11/03/2019 كتب  
    Dewey Decimal Classification     مكتبة حمزة العامة مكتبة حمزة العامة الإعارة 18/01/2016 514975.   216.8/علي PLD00369221 28/07/2025 18/01/2016 كتب  
Implemented & Customized by: BBB with SCIT (Smart Chains for Information Technology)

Powered by Koha